[Event "CYCC U12"]
[Site "Kitchener CAN"]
[Date "2006.07.13"]
[Round "7"]
[White "Xiong, Jerry"]
[Black "Parker, Dylan"]
[Result "1-0"]
[WhiteElo "1896"]
[BlackElo "1351"]
[PlyCount "151"]
[EventDate "2006.07.10"]
[EventType "swiss"]
[EventRounds "7"]
[EventCountry "CAN"]

1. e4 e5 2. Nf3 Nc6 3. d4 exd4 4. Nxd4 Nxd4 5. Qxd4 Nf6 6. Nc3 c6 7. Be2 d5 8.
exd5 cxd5 9. Bg5 Be7 10. O-O O-O 11. Bf3 Bf5 12. Rac1 Qd7 13. Bf4 Rfd8 14. Rfe1
Bd6 15. Bg5 Be7 16. Re2 Re8 17. h3 h6 18. Bxf6 Bxf6 19. Qxd5 Rxe2 20. Qxd7 Bxd7
21. Bxe2 Bxc3 22. bxc3 Rc8 23. Rb1 b6 24. Rb3 Be6 25. Ra3 Rc7 26. Bd3 Kf8 27.
Kf1 Ke7 28. Ke2 Kf6 29. Ke3 a5 30. Kd2 Kg5 31. Ra4 Rd7 32. a3 Kh5 33. Rd4 Rc7
34. Rd6 Rb7 35. Be4 Rb8 36. Bd5 Bxd5 37. Rxd5+ Kh4 38. Rd7 Rf8 39. Rb7 Rd8+ 40.
Kc1 Rd6 41. Rxf7 Rg6 42. Rf4+ Kh5 43. g3 Rc6 44. Kb2 g5 45. Rd4 Rf6 46. Rd2 Kg6
47. Kb3 Kf5 48. Re2 Rc6 49. Re3 Rc5 50. c4 Rc7 51. f4 gxf4 52. Rf3 Re7 53.
Rxf4+ Kg5 54. Rf3 Re4 55. Rd3 a4+ 56. Kb4 Re2 57. Rd5+ Kf6 58. Rd6+ Kg5 59.
Kxa4 Rxc2 60. Rxb6 Rxc4+ 61. Kb3 Rc1 62. Rb5+ Kg6 63. Rd5 Rh1 64. h4 Rg1 65.
Rd3 Kh5 66. a4 Kg4 67. Kb4 Rb1+ 68. Rb3 Rg1 69. a5 Ra1 70. Ra3 Rb1+ 71. Kc5
Rc1+ 72. Kd6 Rd1+ 73. Ke6 Re1+ 74. Kf6 Kh5 75. a6 Rf1+ 76. Kg7 1-0

[Event "CYCC U12 playoff"]
[Site "Kitchener CAN"]
[Date "2006.07.13"]
[Round "1"]
[White "Sapozhnikov, Roman"]
[Black "Kleinman, Michael"]
[Result "0-1"]
[WhiteElo "1851"]
[BlackElo "1684"]
[PlyCount "62"]
[EventDate "2006.07.10"]
[EventType "tourn"]
[EventRounds "3"]
[EventCountry "CAN"]

1. d4 d5 2. c4 e6 3. Nc3 Nf6 4. cxd5 exd5 5. Bg5 Be7 6. e3 Bf5 7. Nf3 c6 8. Bd3
Ne4 9. Bxe7 Qxe7 10. Bxe4 Bxe4 11. O-O Nd7 12. Qe2 Nf6 13. Nd2 Bg6 14. Nb3 O-O
15. Nc5 Rfe8 16. a3 Rad8 17. b4 Qc7 18. Nd3 Ne4 19. Nxe4 Rxe4 20. Ne5 f6 21.
Nxg6 hxg6 22. Rfc1 Rh4 23. g3 Rh5 24. b5 Kf7 25. bxc6 bxc6 26. Qg4 Rdh8 27. h4
g5 28. hxg5 Rxg5 29. Qf4 Qd7 30. Kf1 Rf5 31. Qb8 Rxb8 0-1

[Event "CYCC U12 w"]
[Site "Kitchener CAN"]
[Date "2006.07.10"]
[Round "1"]
[White "Orlova, Yelizaveta"]
[Black "Botez, Alexandra"]
[Result "1-0"]
[WhiteElo "1651"]
[BlackElo "1436"]
[PlyCount "111"]
[EventDate "2006.07.10"]
[EventType "tourn"]
[EventRounds "5"]
[EventCountry "CAN"]

1. d4 f5 2. Nf3 g6 3. c3 Nf6 4. Bf4 Bg7 5. h3 d6 6. e3 O-O 7. Bd3 h6 8. Nbd2
Kh7 9. Qc2 e6 10. g4 Nd5 11. Bg3 Qe8 12. Nh4 Ne7 13. f4 Nd5 14. Ke2 Qe7 15.
Rae1 b6 16. Kd1 Ba6 17. Rhf1 Bxd3 18. Qxd3 Qf7 19. e4 Ne7 20. Rf2 c5 21. Rfe2
Nbc6 22. Nhf3 cxd4 23. Nxd4 Nxd4 24. cxd4 Nc6 25. Nf3 Rac8 26. a3 d5 27. exd5
exd5 28. Ne5 Qc7 29. Rc2 Qd6 30. Ree2 Na5 31. Rxc8 Rxc8 32. gxf5 Bxe5 33. fxe5
Qc6 34. fxg6+ Qxg6 35. Qxg6+ Kxg6 36. Rc2 Rc4 37. Rxc4 Nxc4 38. Kc2 Kf5 39. a4
a6 40. b3 Ne3+ 41. Kd3 Nf1 42. Bf2 h5 43. Ke2 Nh2 44. Bg3 Ng4 45. hxg4+ hxg4
46. Ke3 b5 47. axb5 axb5 48. b4 Kg5 49. e6 Kf6 50. Kf4 Kxe6 51. Kxg4 Kf6 52.
Kf4 Ke6 53. Kg5 Ke7 54. Kf5 Kd7 55. Ke5 Kc6 56. Ke6 1-0

[Event "CYCC U12 w"]
[Site "Kitchener CAN"]
[Date "2006.07.10"]
[Round "2"]
[White "Orlova, Yelizaveta"]
[Black "Roy, Myriam"]
[Result "0-1"]
[WhiteElo "1651"]
[BlackElo "1731"]
[PlyCount "62"]
[EventDate "2006.07.10"]
[EventType "tourn"]
[EventRounds "5"]
[EventCountry "CAN"]

1. d4 d5 2. Nf3 Nf6 3. c3 e6 4. Bg5 Be7 5. Nbd2 b6 6. e3 Bb7 7. Bd3 Nbd7 8. Qe2
Ne4 9. Bf4 Bd6 10. h3 Nxd2 11. Qxd2 Qe7 12. Nh2 e5 13. dxe5 Bxe5 14. O-O-O
O-O-O 15. Rhe1 Kb8 16. Ng4 f6 17. Qc2 h5 18. Nh2 Qd6 19. Bxe5 fxe5 20. e4 Nc5
21. exd5 Nxd3+ 22. Rxd3 e4 23. Rg3 h4 24. Rxg7 Qxh2 25. Qxe4 Bxd5 26. Qe7 Bxa2
27. g3 Rc8 28. gxh4 Qxf2 29. Re4 Bb3 30. Re2 Qf4+ 31. Kb1 Rhd8 0-1

[Event "CYCC U12 w"]
[Site "Kitchener CAN"]
[Date "2006.07.11"]
[Round "3"]
[White "Botez, Alexandra"]
[Black "Roy, Myriam"]
[Result "0-1"]
[WhiteElo "1436"]
[BlackElo "1731"]
[PlyCount "61"]
[EventDate "2006.07.10"]
[EventType "tourn"]
[EventRounds "5"]
[EventCountry "CAN"]

1. d4 d5 2. c4 e6 3. Nf3 Nf6 4. Nc3 c5 5. dxc5 Bxc5 6. cxd5 exd5 7. Bg5 Be6 8.
Nd4 Qb6 9. e3 Qxb2 10. Qc1 Ba3 11. Nb3 Qxc1+ 12. Nxc1 Bb2 13. Nb5 Bxa1 14. Nc7+
Kd7 15. Nxa8 Nc6 16. Nd3 Rxa8 17. Nc5+ Kc7 18. Bf4+ Be5 19. Bxe5+ Nxe5 20. Be2
b6 21. Nb3 Kd6 22. Ba6 Nc6 23. a3 Ne4 24. O-O Nc5 25. Nxc5 bxc5 26. a4 c4 27.
Rd1 Kc5 28. Rb1 Nb4 29. Bb5 a6 30. Bxa6 Rxa6 31. Ra1 0-1

[Event "CYCC U12 w"]
[Site "Kitchener CAN"]
[Date "2006.07.11"]
[Round "3"]
[White "Zhang, Yolanda"]
[Black "Orlova, Yelizaveta"]
[Result "1/2-1/2"]
[WhiteElo "1216"]
[BlackElo "1651"]
[PlyCount "70"]
[EventDate "2006.07.10"]
[EventType "tourn"]
[EventRounds "5"]
[EventCountry "CAN"]

1. e4 c5 2. Nf3 Nc6 3. d4 cxd4 4. Nxd4 Qb6 5. Nb3 g6 6. Be3 Qb4+ 7. N1d2 Bg7 8.
c3 Qd6 9. Qc2 Qc7 10. Be2 d6 11. O-O Nf6 12. Rad1 a6 13. h3 b5 14. a3 Bb7 15.
c4 Ne5 16. c5 Rc8 17. Rc1 O-O 18. f4 Ned7 19. Bf3 Nxc5 20. Nxc5 dxc5 21. Qxc5
Qd7 22. Qb4 Qd3 23. Bb6 Rfe8 24. Rfd1 Rxc1 25. Rxc1 Nd7 26. Ba5 Qd4+ 27. Qxd4
Bxd4+ 28. Kf1 Bxb2 29. Rc7 Bc8 30. e5 Nb8 31. Ra7 Bxa3 32. Ra8 Bd7 33. Bc7 Nc6
34. Rxa6 Bb4 35. Nb3 Nd8 1/2-1/2

[Event "CYCC U12 w"]
[Site "Kitchener CAN"]
[Date "2006.07.11"]
[Round "4"]
[White "Botez, Alexandra"]
[Black "Powell, Samantha"]
[Result "1-0"]
[WhiteElo "1436"]
[BlackElo "1162"]
[PlyCount "79"]
[EventDate "2006.07.10"]
[EventType "tourn"]
[EventRounds "5"]
[EventCountry "CAN"]

1. d4 d5 2. c4 dxc4 3. e4 Nf6 4. Nc3 Nc6 5. Nf3 Bg4 6. d5 Na5 7. Be3 e5 8. Be2
Bd6 9. Qa4+ Bd7 10. Qxa5 c6 11. Qxd8+ Rxd8 12. Bxc4 b5 13. Be2 a6 14. a3 cxd5
15. Nxd5 Nxd5 16. exd5 e4 17. Nd4 Be5 18. Rb1 f5 19. Nc6 Bxc6 20. dxc6 f4 21.
Bb6 Rc8 22. c7 Bxc7 23. Rc1 f3 24. gxf3 exf3 25. Bxf3 O-O 26. Rxc7 Rce8+ 27.
Be3 Rxf3 28. Rg1 g6 29. Ke2 Rh3 30. Rd1 Rxh2 31. Rdd7 Rg2 32. Rg7+ Kh8 33.
Rxh7+ Kg8 34. Rcg7+ Kf8 35. Kf1 Rh2 36. Bc5+ Re7 37. Bxe7+ Ke8 38. Rxh2 g5 39.
Bb4 g4 40. Rh8# 1-0

[Event "CYCC U12 w"]
[Site "Kitchener CAN"]
[Date "2006.07.11"]
[Round "4"]
[White "Packo, Bianca"]
[Black "Orlova, Yelizaveta"]
[Result "0-1"]
[WhiteElo "1056"]
[BlackElo "1651"]
[PlyCount "104"]
[EventDate "2006.07.10"]
[EventType "tourn"]
[EventRounds "5"]
[EventCountry "CAN"]

1. e4 c5 2. Nc3 a6 3. Nf3 Nc6 4. d4 cxd4 5. Nxd4 Qb6 6. Be3 Qxb2 7. Nb3 Qxc3+
8. Bd2 Qe5 9. Qf3 Nf6 10. Bf4 Qxe4+ 11. Be3 Qxf3 12. gxf3 d6 13. Rg1 Ne5 14.
Bb6 Nxf3+ 15. Ke2 Nxg1+ 16. Ke3 Nd5+ 17. Kd4 Nxb6 18. Bg2 e5+ 19. Kc3 f5 20.
Rxg1 g6 21. Rd1 e4 22. Re1 Bg7+ 23. Nd4 Nd5+ 24. Kc4 Nf4 25. Bh1 O-O 26. f3 b5+
27. Kb4 Bxd4 28. fxe4 fxe4 29. Rxe4 Bc5+ 30. Kc3 Bb7 31. Re1 Bxh1 32. Rxh1 d5
33. h4 d4+ 34. Kd2 Bb4+ 35. Kd1 Rae8 36. c3 Bxc3 37. a3 Re1+ 38. Rxe1 Bxe1 39.
Kxe1 d3 40. Kd1 h6 41. Ke1 g5 42. h5 d2+ 43. Kxd2 Ne2 44. Kxe2 g4 45. Kd3 g3
46. Kc3 g2 47. Kb4 g1=Q 48. Ka5 Qe1+ 49. Kxa6 Qc3 50. Kxb5 Rb8+ 51. Ka4 Qb3+
52. Ka5 Qb5# 0-1

[Event "CYCC U12 w"]
[Site "Kitchener CAN"]
[Date "2006.07.11"]
[Round "4"]
[White "Roy, Myriam"]
[Black "Zhang, Yolanda"]
[Result "1/2-1/2"]
[WhiteElo "1731"]
[BlackElo "1216"]
[PlyCount "43"]
[EventDate "2006.07.10"]
[EventType "tourn"]
[EventRounds "5"]
[EventCountry "CAN"]

1. e4 c5 2. Nf3 d6 3. d4 cxd4 4. Nxd4 Nf6 5. Nc3 a6 6. Be2 e5 7. Nb3 Be7 8. Bg5
h6 9. Bxf6 Bxf6 10. Nd5 Nc6 11. c3 b5 12. O-O O-O 13. a4 Bb7 14. axb5 axb5 15.
Rxa8 Bxa8 16. Bxb5 Bg5 17. Qd3 Ne7 18. c4 Nxd5 19. cxd5 Bb7 20. g3 Bc8 21. Nd2
f5 22. f3 1/2-1/2

[Event "CYCC U12 w"]
[Site "Kitchener CAN"]
[Date "2006.07.12"]
[Round "5"]
[White "Orlova, Yelizaveta"]
[Black "Powell, Samantha"]
[Result "1-0"]
[WhiteElo "1651"]
[BlackElo "1162"]
[PlyCount "99"]
[EventDate "2006.07.10"]
[EventType "tourn"]
[EventRounds "5"]
[EventCountry "CAN"]

1. d4 d5 2. Nf3 Nc6 3. c3 Nf6 4. Bf4 Bf5 5. e3 e6 6. Bd3 Bxd3 7. Qxd3 g6 8.
Nbd2 Bg7 9. Ne5 Nxe5 10. Bxe5 Qe7 11. b4 O-O-O 12. a4 Nh5 13. Bxg7 Nxg7 14. O-O
Nf5 15. b5 Qg5 16. Nf3 Qg4 17. Rfc1 h5 18. h3 Qe4 19. Qxe4 dxe4 20. Ng5 Nd6 21.
c4 b6 22. c5 Nb7 23. Nxf7 Na5 24. Rab1 Rhf8 25. Nxd8 Rxd8 26. Rc3 g5 27. Rbc1
g4 28. cxb6 axb6 29. Rxc7+ Kb8 30. hxg4 Rd5 31. Re7 Nb3 32. Rc3 Na5 33. gxh5
Rxh5 34. Rxe6 Rh4 35. Rxb6+ Nb7 36. Rxb7+ Kxb7 37. a5 Rh6 38. Rc6 Rxc6 39.
bxc6+ Kxc6 40. g4 Kb5 41. g5 Kxa5 42. g6 Kb4 43. g7 Kc3 44. g8=Q Kd3 45. Qb3+
Ke2 46. d5 Kf3 47. d6 Ke2 48. d7 Kf3 49. d8=Q Ke2 50. Qdd1# 1-0

[Event "CYCC U12 w"]
[Site "Kitchener CAN"]
[Date "2006.07.12"]
[Round "5"]
[White "Packo, Bianca"]
[Black "Roy, Myriam"]
[Result "0-1"]
[WhiteElo "1056"]
[BlackElo "1731"]
[PlyCount "76"]
[EventDate "2006.07.10"]
[EventType "tourn"]
[EventRounds "5"]
[EventCountry "CAN"]

1. Nf3 Nf6 2. d4 d5 3. Nc3 e6 4. e4 dxe4 5. Nxe4 Nxe4 6. Ne5 Bd6 7. Qf3 Bxe5 8.
dxe5 Nc5 9. Be3 Ncd7 10. Qf4 Nc6 11. h4 Ndxe5 12. Rh3 Ng6 13. Qe4 Qd5 14. Qg4
e5 15. Qg5 Bxh3 16. gxh3 h6 17. Qh5 O-O-O 18. Rd1 Qxd1+ 19. Qxd1 Rxd1+ 20. Kxd1
Rd8+ 21. Ke1 Nxh4 22. Be2 Ng2+ 23. Kf1 Nxe3+ 24. fxe3 f5 25. Bf3 e4 26. Bh1 g5
27. b3 Rd1+ 28. Kg2 f4 29. exf4 gxf4 30. c3 h5 31. a4 h4 32. Kh2 Rd2+ 33. Bg2
f3 34. Kg1 Rxg2+ 35. Kf1 Ne5 36. b4 Nd3 37. b5 e3 38. c4 e2# 0-1

[Event "CYCC U12 w"]
[Site "Kitchener CAN"]
[Date "2006.07.12"]
[Round "5"]
[White "Zhang, Yolanda"]
[Black "Botez, Alexandra"]
[Result "0-1"]
[WhiteElo "1216"]
[BlackElo "1436"]
[PlyCount "74"]
[EventDate "2006.07.10"]
[EventType "tourn"]
[EventRounds "5"]
[EventCountry "CAN"]

1. e4 e6 2. d4 d5 3. Nc3 Nf6 4. e5 Nfd7 5. f4 c5 6. Nf3 cxd4 7. Nxd4 Nc6 8. Nb3
Nc5 9. Nxc5 Bxc5 10. Na4 Bb4+ 11. c3 Be7 12. Be3 Bh4+ 13. g3 Be7 14. b3 Bd7 15.
Qd2 b6 16. Be2 Na5 17. Nb2 Nb7 18. a4 Nc5 19. Qc2 Rc8 20. Bf3 Ne4 21. Bxe4 dxe4
22. Ke2 Qc7 23. Rac1 O-O 24. Rhd1 Bc6 25. Nc4 Rfd8 26. Rxd8+ Rxd8 27. Rd1 Rxd1
28. Qxd1 Bd5 29. Nd6 Bxd6 30. exd6 Qxc3 31. f5 Qc6 32. fxe6 Bxe6 33. Bf4 Bg4+
34. Ke1 Bxd1 35. Kxd1 g5 36. Bxg5 Qxd6+ 37. Ke2 Qd3+ 0-1

[Event "CYCC U12 w"]
[Site "Kitchener CAN"]
[Date "2006.07.12"]
[Round "6"]
[White "Zhang, Yolanda"]
[Black "Botez, Alexandra"]
[Result "1/2-1/2"]
[WhiteElo "1216"]
[BlackElo "1436"]
[PlyCount "144"]
[EventDate "2006.07.10"]
[EventType "tourn"]
[EventRounds "5"]
[EventCountry "CAN"]

1. e4 e6 2. d4 d5 3. Nc3 Nf6 4. Bg5 dxe4 5. Nxe4 Be7 6. Nxf6+ Bxf6 7. Bxf6 Qxf6
8. Nf3 O-O 9. Qd2 b6 10. O-O-O Bb7 11. Be2 Nc6 12. Rhe1 Rfd8 13. c3 Ne7 14. Qe3
Nd5 15. Qe5 Qf4+ 16. Qxf4 Nxf4 17. Bf1 Bxf3 18. gxf3 Rd6 19. Re4 Ng6 20. Bc4
Rad8 21. b4 c5 22. bxc5 bxc5 23. Bb3 cxd4 24. Rexd4 Rxd4 25. Rxd4 Rxd4 26. cxd4
Nh4 27. Bd1 Nf5 28. Kd2 Nxd4 29. Kd3 Nf5 30. Kc4 Kf8 31. Kc5 Ne7 32. Kb5 Ke8
33. Ka6 Nc8 34. Kb7 Kd8 35. Bc2 g6 36. f4 h5 37. f3 h4 38. h3 Kd7 39. Ba4+ Kd8
40. Bc6 a5 41. Ka6 Kc7 42. Bb5 Nd6 43. Kxa5 Nf5 44. Bd3 Nd4 45. a4 Kb7 46. Kb4
Ka7 47. Bb5 Nxf3 48. Be8 Ng1 49. Bxf7 Nxh3 50. Bxe6 Nxf4 51. Kc5 h3 52. Bxh3
Nxh3 53. Kd4 g5 54. Ke3 g4 55. Ke2 Ka6 56. Kf1 Nf4 57. Kf2 Ng6 58. Kg3 Ne5 59.
Kf4 Ka5 60. Kg3 Kxa4 61. Kg2 Kb4 62. Kg3 Kc4 63. Kg2 Kd3 64. Kg3 Ke3 65. Kg2
Kf4 66. Kg1 g3 67. Kg2 Kg4 68. Kg1 Nf7 69. Kg2 Ng5 70. Kg1 Kh3 71. Kh1 g2+ 72.
Kg1 Nf3+ 1/2-1/2

[Event "CYCC U14"]
[Site "Kitchener CAN"]
[Date "2006.07.11"]
[Round "3"]
[White "Osmann-Deyman, Brendon"]
[Black "Gibbons, Thomas"]
[Result "1-0"]
[WhiteElo "1110"]
[BlackElo "1040"]
[PlyCount "35"]
[EventDate "2006.07.10"]
[EventType "swiss"]
[EventRounds "7"]
[EventCountry "CAN"]

1. e4 e5 2. Nf3 Nc6 3. d4 d6 4. dxe5 Be6 5. Bb5 a6 6. Bxc6+ bxc6 7. Nc3 f6 8.
exf6 Nxf6 9. Bg5 h6 10. Bh4 Be7 11. Nd4 Qd7 12. O-O Nxe4 13. Bxe7 Nxc3 14. bxc3
Qxe7 15. Nxe6 Kd7 16. Re1 Qf6 17. Qg4 h5 18. Nc5+ 1-0

[Event "CYCC U14"]
[Site "Kitchener CAN"]
[Date "2006.07.11"]
[Round "4"]
[White "Levesque, Mason"]
[Black "Osmann-Deyman, Brendon"]
[Result "1/2-1/2"]
[WhiteElo "1369"]
[BlackElo "1110"]
[PlyCount "80"]
[EventDate "2006.07.10"]
[EventType "swiss"]
[EventRounds "7"]
[EventCountry "CAN"]

1. e4 e6 2. d4 d5 3. e5 f6 4. Nf3 a6 5. Nc3 Nc6 6. exf6 Nxf6 7. Be2 Bb4 8. O-O
Bxc3 9. bxc3 Qe7 10. c4 b5 11. cxb5 axb5 12. Bxb5 Qd6 13. Ne5 Bd7 14. Bf4 Nxe5
15. Bxd7+ Nfxd7 16. Qe1 O-O 17. Bxe5 Nxe5 18. Qxe5 Qxe5 19. dxe5 Rf5 20. c4
Rxe5 21. cxd5 exd5 22. Rfc1 Rc8 23. Rc5 Rce8 24. h3 d4 25. Rxc7 Re1+ 26. Rxe1
Rxe1+ 27. Kh2 Re2 28. Rd7 Rxf2 29. Rxd4 Rxa2 30. Kg3 Kf7 31. Rd6 Ra4 32. h4 g6
33. Kh3 h5 34. Rb6 Ra3+ 35. Kh2 Kg7 36. Rc6 Kf7 37. Rc7+ Kf6 38. Rc5 Kf7 39. g3
Ra2+ 40. Kh3 Rb2 1/2-1/2

[Event "CYCC U14"]
[Site "Kitchener CAN"]
[Date "2006.07.12"]
[Round "5"]
[White "Nadeau, Jeremie"]
[Black "Osmann-Deyman, Brendon"]
[Result "1-0"]
[WhiteElo "1498"]
[BlackElo "1110"]
[PlyCount "64"]
[EventDate "2006.07.10"]
[EventType "swiss"]
[EventRounds "7"]
[EventCountry "CAN"]

1. e4 e6 2. Nf3 d5 3. exd5 exd5 4. d4 Nf6 5. Bd3 Bg4 6. O-O Nc6 7. Re1+ Be7 8.
Be3 O-O 9. h3 Bh5 10. Nc3 Bb4 11. Rb1 Bxc3 12. bxc3 b6 13. Be2 a6 14. Qd3 b5
15. Ra1 Ne4 16. Nd2 Bxe2 17. Rxe2 Nxd2 18. Bxd2 Qf6 19. Be3 b4 20. a3 bxc3 21.
Qxc3 h6 22. Ree1 Rfe8 23. Qd3 Re7 24. Re2 Rae8 25. Rae1 Re4 26. c3 a5 27. Rb1
Rh4 28. Reb2 Qe6 29. Qa6 Rxh3 30. gxh3 Qxh3 31. Qf1 Qh5 32. Bf4 Re6 1-0

[Event "CYCC U14"]
[Site "Kitchener CAN"]
[Date "2006.07.12"]
[Round "6"]
[White "Osmann-Deyman, Brendon"]
[Black "Radelicki, Paul"]
[Result "0-1"]
[WhiteElo "1110"]
[BlackElo "1192"]
[PlyCount "31"]
[EventDate "2006.07.10"]
[EventType "swiss"]
[EventRounds "7"]
[EventCountry "CAN"]

1. e4 e6 2. d4 d5 3. Nc3 Bb4 4. exd5 exd5 5. Bd2 Nf6 6. Bd3 O-O 7. Nxd5 Bxd2+
8. Qxd2 Nxd5 9. Nf3 Nc6 10. Bxh7+ Kxh7 11. Ng5+ Kg8 12. h4 Re8+ 13. Kd1 Qd6 14.
Qd3 Qh6 15. Qc4 Be6 16. g3 0-1

[Event "CYCC U16"]
[Site "Kitchener CAN"]
[Date "2006.07.10"]
[Round "1"]
[White "Willms, Jeff"]
[Black "MacMillan, Michael"]
[Result "1/2-1/2"]
[WhiteElo "1936"]
[BlackElo "1603"]
[PlyCount "68"]
[EventDate "2006.07.10"]
[EventType "swiss"]
[EventRounds "7"]
[EventCountry "CAN"]

1. e4 e5 2. Nf3 Nc6 3. Bc4 Nf6 4. Ng5 d5 5. exd5 Na5 6. Bb5+ c6 7. dxc6 bxc6 8.
Be2 h6 9. Nh3 Bc5 10. O-O Bxh3 11. gxh3 Nd5 12. d3 O-O 13. Bf3 Qf6 14. c3 Nb7
15. Bg2 Qg6 16. Qg4 Qxg4 17. hxg4 Rad8 18. Be4 Nd6 19. Bxd5 cxd5 20. Nd2 f5 21.
Nb3 Bb6 22. g5 Kh7 23. gxh6 gxh6 24. Be3 Rg8+ 25. Kh1 f4 26. Bxb6 axb6 27. Rae1
Rde8 28. Rg1 e4 29. Rd1 exd3 30. Rxd3 Ne4 31. Rxg8 Rxg8 32. Rf3 Ng5 33. Rd3 Ne4
34. Rf3 Ng5 1/2-1/2

[Event "CYCC U16"]
[Site "Kitchener CAN"]
[Date "2006.07.11"]
[Round "3"]
[White "Willms, Jeff"]
[Black "Trandafir, Stefan"]
[Result "1-0"]
[WhiteElo "1936"]
[BlackElo "1779"]
[PlyCount "67"]
[EventDate "2006.07.10"]
[EventType "swiss"]
[EventRounds "7"]
[EventCountry "CAN"]

1. e4 c5 2. Nf3 Nc6 3. d4 cxd4 4. Nxd4 Nf6 5. Nc3 e5 6. Ndb5 d6 7. Bg5 a6 8.
Na3 b5 9. Nd5 Be7 10. Bxf6 Bxf6 11. c3 Ne7 12. Nxe7 Bxe7 13. Nc2 O-O 14. Ne3
Be6 15. Be2 Bg5 16. Nd5 Rc8 17. a4 Rc5 18. b4 Rc8 19. axb5 Bxd5 20. Qxd5 Rxc3
21. bxa6 Rc2 22. Bd3 Bd2+ 23. Kd1 Rb2 24. a7 Qa8 25. Bc4 Bc3 26. Kc1 Qd8 27.
Qxf7+ Rxf7 28. a8=Q Qf8 29. Bxf7+ Kxf7 30. Ra7+ Qe7 31. Qd5+ Kf6 32. Rxe7 Kxe7
33. Rd1 Bd4 34. Rxd4 1-0

[Event "CYCC U16"]
[Site "Kitchener CAN"]
[Date "2006.07.11"]
[Round "4"]
[White "McDonald, Justin"]
[Black "Willms, Jeff"]
[Result "1/2-1/2"]
[WhiteElo "1948"]
[BlackElo "1936"]
[PlyCount "56"]
[EventDate "2006.07.10"]
[EventType "swiss"]
[EventRounds "7"]
[EventCountry "CAN"]

1. e4 c5 2. Nf3 Nc6 3. d4 cxd4 4. Nxd4 Nf6 5. Nc3 e5 6. Ndb5 d6 7. Nd5 Nxd5 8.
exd5 Nb8 9. c4 Be7 10. Bd3 O-O 11. f3 f5 12. Be3 a6 13. Nc3 Bg5 14. Bf2 Nd7 15.
b4 b6 16. Qc2 Qf6 17. O-O a5 18. Na4 axb4 19. Nxb6 Nxb6 20. Bxb6 Qh6 21. Rfe1
Bd2 22. Re2 Bc3 23. Rb1 Bd7 24. Be3 f4 25. Bf2 Ra3 26. Be4 Rfa8 27. Rb3 R3a5
28. Rb1 Ra3 1/2-1/2

[Event "CYCC U16"]
[Site "Kitchener CAN"]
[Date "2006.07.12"]
[Round "5"]
[White "Willms, Jeff"]
[Black "Ye, Ling Feng"]
[Result "0-1"]
[WhiteElo "1936"]
[BlackElo "1938"]
[PlyCount "74"]
[EventDate "2006.07.10"]
[EventType "swiss"]
[EventRounds "7"]
[EventCountry "CAN"]

1. e4 c5 2. Nf3 e6 3. d4 cxd4 4. Nxd4 Nf6 5. Nc3 d6 6. g4 h6 7. h4 Be7 8. Rg1
d5 9. exd5 Nxd5 10. Nxd5 Qxd5 11. g5 hxg5 12. hxg5 Bd7 13. Be3 Nc6 14. Bg2 Qa5+
15. c3 Rd8 16. g6 f6 17. Qb3 Nxd4 18. Bxd4 b6 19. O-O-O Qa4 20. Rh1 Rxh1 21.
Rxh1 Qxb3 22. Rh8+ Bf8 23. axb3 e5 24. Be3 Bf5 25. Bh6 Ke7 26. Rg8 Be6 27. Rxf8
Rxf8 28. Be3 Bxb3 29. f4 Rd8 30. Bd2 exf4 31. c4 Rd3 32. Be4 Rd4 33. Bf5 Rxc4+
34. Kb1 Rd4 35. Bc1 Rd1 36. Ka1 Rxc1+ 37. Bb1 Bc2 0-1

[Event "CYCC U16"]
[Site "Kitchener CAN"]
[Date "2006.07.12"]
[Round "6"]
[White "Gaciu, Vlad"]
[Black "Willms, Jeff"]
[Result "1/2-1/2"]
[WhiteElo "1705"]
[BlackElo "1936"]
[PlyCount "35"]
[EventDate "2006.07.10"]
[EventType "swiss"]
[EventRounds "7"]
[EventCountry "CAN"]

1. e4 c5 2. f4 Nc6 3. Nf3 g6 4. Bb5 Bg7 5. Bxc6 dxc6 6. d3 Nf6 7. O-O O-O 8.
Qe1 Bg4 9. Nbd2 Ne8 10. Qh4 Bxf3 11. Nxf3 c4 12. dxc4 Nd6 13. e5 Nxc4 14. b3
Qb6+ 15. Kh1 Ne3 16. Bxe3 Qxe3 17. Qxe7 Qxf4 18. Qxb7 1/2-1/2

[Event "CYCC U16"]
[Site "Kitchener CAN"]
[Date "2006.07.12"]
[Round "6"]
[White "McDonald, Justin"]
[Black "Wang, Shane"]
[Result "1/2-1/2"]
[WhiteElo "1948"]
[BlackElo "1799"]
[PlyCount "47"]
[EventDate "2006.07.10"]
[EventType "swiss"]
[EventRounds "7"]
[EventCountry "CAN"]

1. e4 e6 2. d4 d5 3. exd5 exd5 4. Bf4 Bd6 5. Qd2 Ne7 6. Nc3 Bf5 7. O-O-O Nbc6
8. Nge2 Qd7 9. Nb5 Bxf4 10. Nxf4 O-O-O 11. a3 Kb8 12. f3 Ng6 13. g4 Nxf4 14.
Qxf4 Bg6 15. h4 h5 16. g5 Ne7 17. Re1 Rhe8 18. Nc3 Qf5 19. Qxf5 Nxf5 20. Bd3
Nxd4 21. Bxg6 fxg6 22. Rxe8 Rxe8 23. Nxd5 Nxf3 24. Nf4 1/2-1/2

[Event "CYCC U16"]
[Site "Kitchener CAN"]
[Date "2006.07.13"]
[Round "7"]
[White "Willms, Jeff"]
[Black "Lu, Charles"]
[Result "1-0"]
[WhiteElo "1936"]
[BlackElo "1703"]
[PlyCount "49"]
[EventDate "2006.07.10"]
[EventType "swiss"]
[EventRounds "7"]
[EventCountry "CAN"]

1. e4 c5 2. Nf3 d6 3. d4 cxd4 4. Nxd4 Nf6 5. Nc3 g6 6. Be3 Bg7 7. f3 O-O 8. Qd2
Nc6 9. Bc4 Bd7 10. O-O-O Rc8 11. Bb3 Na5 12. h4 h5 13. Bg5 Nxb3+ 14. axb3 a6
15. Bxf6 Bxf6 16. Nd5 Bc6 17. Nxf6+ exf6 18. Qh6 Qa5 19. Kb1 Bd7 20. Ne2 Qc5
21. c3 Rfd8 22. Nf4 Qe5 23. Rd5 Qe8 24. Rxh5 gxh5 25. Nxh5 1-0

[Event "CYCC U16"]
[Site "Kitchener CAN"]
[Date "2006.07.13"]
[Round "7"]
[White "Yan, John"]
[Black "McDonald, Justin"]
[Result "1-0"]
[WhiteElo "1900"]
[BlackElo "1948"]
[PlyCount "71"]
[EventDate "2006.07.10"]
[EventType "swiss"]
[EventRounds "7"]
[EventCountry "CAN"]

1. d4 Nf6 2. c4 c5 3. e3 g6 4. Nf3 Bg7 5. Nc3 O-O 6. Bd3 d6 7. h3 Nbd7 8. O-O
Re8 9. Qc2 cxd4 10. exd4 e5 11. dxe5 Nxe5 12. Nxe5 dxe5 13. Re1 Nd7 14. Be3 f5
15. f3 b6 16. b4 Bb7 17. Rad1 a6 18. c5 Qc7 19. Bc4+ Kh8 20. Nd5 Bxd5 21. Rxd5
bxc5 22. Red1 Nb6 23. Rxc5 Qb7 24. Bb3 Rac8 25. Rc1 Rxc5 26. bxc5 Nc8 27. c6
Qb5 28. Qd1 Qa5 29. c7 Qb4 30. Bc5 Qf4 31. Bf7 Bf8 32. Bxe8 Bxc5+ 33. Kh1 Bd4
34. Bd7 e4 35. Qxd4+ Kg8 36. Qc4+ 1-0

[Event "CYCC U16 w"]
[Site "Kitchener CAN"]
[Date "2006.07.10"]
[Round "1"]
[White "Plamondon, Andreanne"]
[Black "Wan, Karen"]
[Result "0-1"]
[WhiteElo "1519"]
[BlackElo "1088"]
[PlyCount "68"]
[EventDate "2006.07.10"]
[EventType "tourn"]
[EventRounds "7"]
[EventCountry "CAN"]

1. e4 c5 2. Nc3 Nc6 3. Nf3 d6 4. Bc4 Nf6 5. h3 Nd4 6. d3 Nc6 7. O-O e6 8. Re1
Be7 9. d4 cxd4 10. Nxd4 Nxd4 11. Qxd4 e5 12. Qd3 O-O 13. Nd5 Nxd5 14. Bxd5 Bh4
15. Be3 Qf6 16. Qb3 Qg6 17. Bd2 Be6 18. Bb4 Rad8 19. Rad1 Qf6 20. Re2 Qf4 21.
g3 Qg5 22. Bxe6 fxe6 23. Qxe6+ Rf7 24. Red2 Bxg3 25. fxg3 Qxg3+ 26. Rg2 Qe3+
27. Kh1 Qxe4 28. Ba3 Qf3 29. Rdg1 Kh8 30. Bxd6 Rf6 31. Qe7 Qxh3+ 32. Rh2 Qf3+
33. Rgg2 Qd1+ 34. Rg1 Qd5+ 0-1

[Event "CYCC U16 w"]
[Site "Kitchener CAN"]
[Date "2006.07.10"]
[Round "2"]
[White "Wan, Karen"]
[Black "Mongenais, Catherine"]
[Result "1-0"]
[WhiteElo "1088"]
[BlackElo "1166"]
[PlyCount "47"]
[EventDate "2006.07.10"]
[EventType "tourn"]
[EventRounds "7"]
[EventCountry "CAN"]

1. e4 e5 2. Nf3 Nc6 3. Bc4 Bc5 4. c3 Nf6 5. d4 exd4 6. cxd4 Bb4+ 7. Nc3 d6 8.
d5 Bxc3+ 9. bxc3 Na5 10. Bb5+ c6 11. dxc6 bxc6 12. Bd3 d5 13. e5 Ne4 14. Bxe4
dxe4 15. Qxd8+ Kxd8 16. Bg5+ f6 17. exf6 Rg8 18. f7+ Kc7 19. fxg8=Q exf3 20.
Qf7+ Bd7 21. Bf4+ Kb6 22. Rb1+ Kc5 23. Qxd7 fxg2 24. Qd4# 1-0